000 06154ncm a2201177 c 4500
003 BLK
005 20180421003657.0
008 180414b bul |a|er|||| |0| c|bulo|
010 _aNOT00002546000
040 _aBLK
041 _aBUL
_cBUL
080 _aМузика за пиано
_b786.2
_x
_z786.2
700 1 _aЧакалова-Бабева, Незабравка
_eсъстав.
_9362750
700 1 _aЖелева, Соня
_eсъстав.
_9362751
139 _aХристоматия по задължително пиано
_bХ 83
245 1 0 _aХристоматия по задължително пиано
_bЧ. 1 -
_cсъстав. Незабравка Чакалова-Бабева; състав. Соня Желева.
_nЧ. 1.
_pУчебно пособие за шести, седми и осми клас н а средните муз. училища
257 _aBGR
260 София
_bМузика
_c1987 -
300 _c34 см
380 _a7
505 _rКорнелиус Гурлит.
_tЕтюд
505 _gОп.32, №19
_rАлександр Федорович Гедике.
_tЕтюд
505 _gОп.70, №50
_rХерман Беренс.
_tЕтюд
505 _gОп.98, №12
_rАлександр Тихонович Гречанинов.
_tЕтюд
505 _rЕлена Фабиановна Гнесина.
_tЕтюд
505 _rВиктор Райчев.
_tЕтюд
505 _gОп.46, №44
_r Александр Федорович Гедике.
_tЕтюд
505 _gОп.65, №40
_r Алберт Льошхорн.
_tЕтюд
505 _rСергей Михайлович Ляпунов.
_tЕтюд
505 _rФ. Лекупе.
_tЕтюди
505 _gОп.139, №100
_rКарл Черни.
_tЕтюд
505 _gОп.65
_rАлберт Льошхорн.
_tЕтюд
505 _gОп.70, №43
_rХерман Беренс.
_tЕтюд
505 _gОп.17, №20
_rФ. Лекупе.
_tЕтюд
505 _gОп.65, №37
_rАлберт Льошхорн.
_tЕтюд
505 _rДаниел Готлиб Тюрк.
_tВеселият Ваня
505 _rДжироламо Фрескобалди.
_tПесен
505 _rПиетро А. Локатели.
_tМенует
505 _rФрансоа Купрен.
_tПесен
505 _rГеорг Фридрих Хендел.
_tМенует
505 _rЙохан Филип Кирнбергер.
_tЛютнистката
505 _rГеорг Филип Телеман.
_tМодерато
505 _rС. Павлюченко.
_tФугета
505 _rСамуил Майкапар.
_tКанон
505 _rАрканджело Корели.
_tСарабанда
505 _rГеорг Фридрих Хендел.
_tФуга
505 _r Ж. Арман.
_tФугета
505 _rИсаак Яковлевич Беркович.
_tУкраинска нар. песен
505 _rЕ. Хосровян.
_tАрменски нар. танц
505 _tМалка песен
505 _tХорце
505 _tТъга
505 _rВиктор Райчев.
_tДъжд
505 _tПрелюд
505 _tБабина приказка
505 _g№2
_tМелодичен етюд
505 _g№5
_tМелодичен етюд
505 _g№7
_rПарашкев Тодоров Хаджиев.
_tМелодичен етюд
505 _rСергей Михайлович Ляпунов.
_tПиеса
505 _tПедална прелюдия
505 _tПриспивна приказка
505 _gОп.15
_rСамуил Майкапар.
_tУтро
505 _rФрансоа Купрен.
_tМалкото нищо
505 _rДоменико Циполи.
_tМенует
505 _r Волфганг Амадеус Моцарт.
_tМенует
505 _gОп.98, №15
_rАлександр Тихонович Гречанинов.
_tВалс
505 _gОп.6, №11
_rАлександр Федорович Гедике.
_tПиеса
505 _gОп.8, №1
_rВ. Зеринг.
_tМенует
505 _rАлександр Тихонович Гречанинов.
_tТъжна песничка
505 _rИсаак Яковлевич Беркович.
_tТанц на куклите
505 _tКапчици
505 _tДетски танц
505 _rСамуил Майкапар.
_tНощ в морето
505 _rДмитрий Борисович Кабалевски.
_tКлоуни
505 _tГоненица
505 _rИсаак Яковлевич Беркович.
_tТокатина
505 _gОп.3
_rВалентин Станиславович Селиванов.
_tШега
505 _g№3
_tПрелюд
505 _g№4
_rПарашкев Тодоров Хаджиев.
_tПрелюд
505 _rВеселин Анастасов Стоянов.
_tВесела игра
505 _g№1
_rАнтонио Диабели.
_tСонатина
505 _rЙохан Андре.
_tСонатина
505 _rИгнац Плейел.
_tСонатина
505 _gДо мажор
_rТобиас Хаслингер.
_tРондо из Сонатина
505 _rВолфганг Амадеус Моцарт.
_tВариации върху тема от операта Вълшебната флейта
505 _gОп.84, №2
_rЕркки Мелартин.
_tСонатина
650 4 _aПиано - пиеси
_9291568
653 _aхристоматии
653 _aпиано
653 _aетюди
653 _aполифонични пиеси
653 _aсонатини
653 _aрондо
653 _aвариации
760 1 _3на том
_c105 с.
_dСофия, Музика, 1987
_h105 с.
_tЧ. 1. Учебно пособие за шести, седми и осми клас н а средните муз. училища
852 _aЦб М ІІ 10425
_p66
856 4 _qpdf
_u
856 4 _qpdf
_u
942 _cNOT
_n0
944 _aCR
_c04.06.2008
_kИрена_Линкова
944 _aED
_c05.06.2008
_k
999 _c312219
_d312219